000 01153nam a22002657a 4500
001 BRCA_9200
003 FranzMayer
005 20220809133307.0
008 220712b |||||||| |||| 00| 0 eng d
020 _a9782940510313
040 _bspa
_cMFM
041 1 _afre
_aeng
050 _aTT502
_bF37 2018
245 _aFashionHEAD :
_bUne décennie de mode à la Haute école d'art et de design - Genève 2007-2018 = A Decade of Fashion at Geneva School of Art and Design 2007-2018 /
_ced. Nic Ulmi
260 _aGinebra, Suiza :
_bHEAD-Genève,
_c2018
300 _a368 p. :
_bil. fot. col. ;
_c20 x 27 cm.
500 _aUbicación: L59-N5
504 _aBibliografía: p. 362
520 _aFashionHEAD. Te lleva al laboratorio de HEAD-Genève: un lugar donde la moda reinventa su lugar. Este ejemplar se construye a partir de una selección de imágenes y una serie de entrevistas a las personalidades que han hecho el Diseño de Moda en su escuela. - Proporcionado por el editor
546 _aFrancés/Inglés
650 _aModa
_xDiseño
_928441
650 _aDesfiles de moda
_xDiseño
_928442
942 _2lcc
_cB
999 _c10819
_d10819